Fundamentos de un sistema de pedagogía / (Record no. 12076)

000 -CABECERA
fixed length control field 01075nam a22002297a 4500
003 - IDENTIFICADOR DEL NÚMERO DE CONTROL
control field AR-CdUCM
008 - DATOS DE LONGITUD FIJA--INFORMACIÓN GENERAL
fixed length control field 190405b ||||| |||| 00| 0 spa d
040 ## - FUENTE DE LA CATALOGACIÓN
Agencia/entidad que catalogó originalmente la obra MUNICIPALIDAD PROVINCIAL DEL CUSCO
Entidad que transcribió la catalogación BIBLIOTECA MUNICIPAL DEL CUSCO
082 ## - NÚMERO DE LA CLASIFICACIÓN DECIMAL DEWEY
No. de Clasificación 371 /
Notacion interna D579 / 1940
No. de la edición 3ed.
100 ## - ENTRADA PRINCIPAL--NOMBRE DE PERSONA
Nombre Personal Dilthey, Wilhelm
245 ## - MENCIÓN DE TÍTULO
Título Fundamentos de un sistema de pedagogía /
260 ## - PUBLICACIÓN, DISTRIBUCIÓN, ETC.
Lugar de publicación, distribución, etc. Buenos Aires :
Nombre de la editorial, distribuidor, etc. Losada,
Fecha de publicación, distribución, etc. 1940.
300 ## - DESCRIPCIÓN FÍSICA
Nº de Páginas Extensión 178 páginas ;
Dimensiones 19 cm.
440 ## - MENCIÓN DE SERIE/PUNTO DE ACCESO ADICIONAL--TÍTULO
Título Biblioteca del maestro
Número de la parte/sección de una obra 3
9 (RLIN) 15157
505 ## - NOTA DE CONTENIDO CON FORMATO
Nota de contenido formateada Contenido: La inconsistencia de los sistemas predominantes de pedagogía, que buscan principios de validez general para la educación de todos los pueblos y de todas las épocas -- De la propiedad en la conexión de la vida anímica por la cuales son posibles reglas, normas, desarrollo y su exposición en las ciencias del espíritu. Fundamentación psicológica positiva ...
650 ## - PUNTO DE ACCESO ADICIONAL DE MATERIA--TÉRMINO DE MATERIA
Descriptor Educacion
9 (RLIN) 460
650 ## - PUNTO DE ACCESO ADICIONAL DE MATERIA--TÉRMINO DE MATERIA
Descriptor Filosofía
9 (RLIN) 395
700 ## - PUNTO DE ACCESO ADICIONAL--NOMBRE DE PERSONA
Nombre Personal Luzuriaga, Lorenzo (traductor)
9 (RLIN) 9920
942 ## - ELEMENTOS DE PUNTO DE ACCESO ADICIONAL (KOHA)
Fuente de clasificación
Tipo de item Libros-BMC
945 ## - PROCESAMIENTO DE INFORMACIÓN LOCAL (OCLC)
Catalogador cmm
AAAA-MM-DD - Fecha de ingreso o modificacion 2019-04-05
Holdings
Estado de retiro (separado) Fuente de clasificación o esquema de estanterías Estado dañado Ubicación Sala donde se ubica Nombre de la colección Fecha de adquisición o compra Costo, precio normal en soles Signatura topográfica Código de Barras Última vez visto (Koha) Tipo de ítem (Koha) Número de Ejemplar
No     Sala Cusco Antiguo Sala Cusco Antiguo Book Cart 2019-04-05 20.00 371 / D579 / 1940 SCA0001706 2019-04-05 Libros-BMC  
No     Sala Cusco Antiguo Sala Cusco Antiguo Book Cart 2019-04-09 20.00 371 / D579 / 1940 / e.2 SCA0002426 2019-04-09 Libros-BMC e.2

Powered by Koha